Music Quiz

Random Music or Song Quiz

Otep Discography Quiz Stats

 Plays Quiz not verified by Sporcle

Challenge
Share
Tweet
Embed
Score 0/63 Timer 10:00
0 Plays Today
% Correct
House of Secrets
78.6%
Eet the Children
78.6%
Ghostflowers
78.6%
Rise, Rebel, Resist
78.6%
Smash the Control Machine
78.6%
The Lord is My Weapon
71.4%
Germ
71.4%
T.R.I.C.
71.4%
T.R.I.C.
71.4%
Warhead
71.4%
Noose & Nail
71.4%
Blood Pigs
64.3%
Crooked Spoons
64.3%
Breed (Nirvana cover)
64.3%
Fillthee
57.1%
Battle Ready
57.1%
Fillthee
57.1%
Menocide
57.1%
Hooks & Splinters
57.1%
Nein
57.1%
Confrontation
57.1%
Home Grown
57.1%
Sweet Tooth
57.1%
Head
57.1%
UR A WMN NOW
57.1%
Possession
50%
Sacrilege
50%
Emtee
50%
Possession
50%
Thots
50%
Jonestown Tea
50%
Buried Alive
50%
% Correct
Gutter
50%
Suicide Trees
50%
Milk of Regret
50%
March of the Martyrs
50%
Oh, So Surreal
50%
Serv Asat
50%
Where the River Ends
50%
My Confession
42.9%
Self-Made
42.9%
Wurd Becomes Flesh
42.9%
Perfectly Flawed
42.9%
Invisible
42.9%
Run for Cover
42.9%
Kisses & Kerosene
42.9%
Unveiled
42.9%
Tortured
35.7%
Brother
35.7%
Requiem
35.7%
Sepsis
35.7%
Shattered Pieces
35.7%
Exothermic Oxidation
35.7%
Communion
35.7%
Numb & Dumb
35.7%
Autopsy Song
28.6%
Adrenochrome Dreams
28.6%
Adrenochrome Dreams
28.6%
Necessary Accessories
28.6%
I Remember
28.6%
Signals
21.4%
Special Pets
21.4%
And I Burn
14.3%

You're not logged in!

Compare scores with friends on all Sporcle quizzes.
OR
Log In

You Might Also Like...

Show Comments

Extras

Created Feb 5, 2011ReportNominate
Tags:Song Quiz, discography

Top Quizzes Today


Score Distribution

Your Account Isn't Verified!

In order to create a playlist on Sporcle, you need to verify the email address you used during registration. Go to your Sporcle Settings to finish the process.

Report this User

Report this user for behavior that violates our Community Guidelines.

Details: